00507nam a2200133Ia 4500008004100000100002700041245007400068260004600142300001100188650001300199856006900212999001900281952007300300160712s9999 xx 000 0 und d aLumbera, Beinvenido L. cBienvenido L. LumberaaAng Wikang Katutubo at ang Kamalayang Filipino c2015bDaluyan: Journal ng Wikang Filipino a no. 1 xFILIPINO uhttp://journals.upd.edu.ph/index.php/djwf/issue/view/529/showToc c297027d297027 001040aCLbCLd2016-07-12l0r2016-07-12 00:00:00w2016-07-12yFEJ